La Cua del dromedari / (Record no. 136677)

MARC details
000 -CABECERA
campo de control de longitud fija 01479aam a22003134i 4500
001 - NÚMERO DE CONTROL
campo de control 991061504180706706
003 - IDENTIFICADOR DEL NÚMERO DE CONTROL
campo de control ES-BaIT
005 - FECHA Y HORA DE LA ÚLTIMA TRANSACCIÓN
campo de control 20251015085250.0
008 - DATOS DE LONGITUD FIJA--INFORMACIÓN GENERAL
campo de control de longitud fija 251006e202503 spc||||| |||||0|| j cat|c
017 ## - NÚMERO DE COPYRIGHT O DE DEPÓSITO LEGAL
Número de copyright o de depósito legal DL B 6094-2025
Agencia que asigna Biblioteca de Catalunya
020 ## - NÚMERO INTERNACIONAL ESTÁNDAR DEL LIBRO
Número Internacional Estándar del Libro 9788412800074
040 ## - FUENTE DE LA CATALOGACIÓN
Centro catalogador/agencia de origen ES-BaIT
Lengua de catalogación cat
Normas de descripción rda
Centro/agencia transcriptor ES-BaIT
080 ## - NÚMERO DE LA CLASIFICACIÓN DECIMAL UNIVERSAL
Número de la Clasificación Decimal Universal 849.9-2"19"
245 03 - MENCIÓN DE TÍTULO
Título La Cua del dromedari /
Mención de responsabilidad, etc. Carles Batlle.
Resto del título La ventafocs de Teià / Ada Castells
250 ## - MENCIÓN DE EDICIÓN
Mención de edición Primera edició
264 #1 - PRODUCCIÓN, PUBLICACIÓN, DISTRIBUCIÓN, FABRICACIÓN Y COPYRIGHT
Producción, publicación, distribución, fabricación y copyright Alella :
Nombre del de productor, editor, distribuidor, fabricante Vibop,
Fecha de producción, publicación, distribución, fabricación o copyright març del 2025
300 ## - DESCRIPCIÓN FÍSICA
Extensión 69 pàgines ;
Dimensiones 16 cm
336 ## - TIPO DE CONTENIDO
Término de tipo de contenido text
Código de tipo de contenido txt
Fuente rdacontent
337 ## - TIPO DE MEDIO
Nombre/término del tipo de medio sense mediació
Código del tipo de medio n
Fuente rdamedia
338 ## - TIPO DE SOPORTE
Nombre/término del tipo de soporte volum
Código del tipo de soporte nc
Fuente rdacarrier
490 1# - MENCIÓN DE SERIE
Mención de serie Lletresceness ;
Designación de volumen o secuencia 21
520 ## - SUMARIO, ETC.
Sumario, etc. "Dos escriptors passen dos dies a Teià, durant el festival Lletrescena, de literatura i dramatúrgia, entrant en contacte amb una comunitat, amb un paisatge. A posteriori, escriuen una ficció posant el poble com a escenari. A La cua del dromedari fabula una història a partir d'una pintura mural escrita en català i La Ventafocs de Teià és una història coral de personatges curiosos, amb les seves històries i desitjos amagats." -- Pàgina web llibreria Ona
700 12 - ENTRADA AGREGADA--NOMBRE PERSONAL
Información de relación/Frase instructiva de referencia Contenidor de (obra ):
Nombre de persona Batlle, Carles,
Fechas asociadas al nombre 1963-
Título de la obra Cua del dromedari
9 (RLIN) 167487
700 12 - ENTRADA AGREGADA--NOMBRE PERSONAL
Información de relación/Frase instructiva de referencia Contenidor de (obra ):
Nombre de persona Castells, Ada.
Título de la obra Ventafocs de Teià
9 (RLIN) 167488
830 ## - PUNTO DE ACCESO ADICIONAL DE SERIE-TÍTULO UNIFORME
Título uniforme Lletrescenes
Designación de volumen o secuencia 21
9 (RLIN) 167489
908 ## - COLOCAR PARÁMETRO DE COMANDO (RLIN)
Colocar parámetro de comando CDMAE
940 ## - EQUIVALENCIA O REFERENCIA-CRUZADA--TÍTULO UNIFORME [OBSOLETO] [solamente CAN/MARC]
Título uniforme <a href="CVA2">CVA2</a>
942 ## - ELEMENTOS DE ENTRADA AGREGADA (KOHA)
Fuente del sistema de clasificación o colocación Clasificación decimal universal
Tipo de ítem Koha Llibre
Holdings
Estado de retiro Estado de pérdida Fuente del sistema de clasificación o colocación Estado dañado No para préstamo Localización permanente Ubicación/localización actual Ubicación en estantería Fecha de adquisición Fuente de adquisición Total de préstamos Signatura topográfica completa Código de barras Fecha visto por última vez Precio válido a partir de Tipo de ítem Koha
    Clasificación decimal universal     Biblioteca Barcelona Biblioteca Barcelona BCN Lliure Accés 15/10/2025 Compra   849 BAT cua 1900089342 15/10/2025 15/10/2025 Llibre
    Clasificación decimal universal     Biblioteca Barcelona Biblioteca Barcelona BCN Lliure Accés 15/10/2025 Compra   849 BAT cua 1900089344 15/10/2025 15/10/2025 Llibre
    Clasificación decimal universal     Biblioteca Terrassa Biblioteca Terrassa VALLÈS-J.Oliver 15/10/2025 Compra   849 BAT cua 1900089343 05/02/2026 15/10/2025 Llibre

Powered by Koha